000 00824nam a2200265 i 4500
001 81831
003 ES-MaACL
005 20250901021458.0
007 t|
008 041108s1987 sp a ||||1|bspa d
020 _a84-381-0111-9
080 _a929:78 Albéniz, Isaac
100 1 _aIglesias, Antonio,
_d1918-2011
_9157818
245 1 0 _aIsaac Albéniz
_b: (su obra para piano) /
_cAntonio Iglesias.
260 _aMadrid :
_bAlpuerto,
_c1987.
300 _a2 v. :
_bil., música ;
_c21 cm.
500 _aCatálogo general de las obras de Albéniz.
500 _aÍndice.
504 _aBibliografía.
600 1 7 _aAlbéniz, Isaac,
_d1860-1909
_2embne
_919261
700 1 _aAlbéniz, Isaac,
_d1860-1909
_919261
852 _aES-MaACL
_jD-2858-59
852 _aES-MaACL
_jL-13325-26
999 _c81831
_d81831